Ramseyho model rastu - numerická analýza diplomová práca

Na minha lista:
Detalhes bibliográficos
Autor principal: Paulovičová, Monika
Autor Corporativo: Fakulta hospodárskej informatiky EU. Katedra operačného výskumu a ekonometrie
Outros Autores: Szomolányi, Karol, 1976-
Formato: Livro
Idioma:eslovaco
Publicado em: Bratislava 2011
Tags: Adicionar Tag
Sem tags, seja o primeiro a adicionar uma tag!

MARC

LEADER 00000nbm a2200000 4500
001 0140718
005 20161109101945.3
041 0 |a slo 
044 |a SK 
245 1 0 |a Ramseyho model rastu - numerická analýza  |b diplomová práca  |c Monika Paulovičová ; školiteľ: Karol Szomolányi 
264 1 |a Bratislava  |c 2011 
300 |a 68 s. 
100 1 |a Paulovičová, Monika 
700 1 |a Szomolányi, Karol, 1976- 
710 2 |a Fakulta hospodárskej informatiky EU. Katedra operačného výskumu a ekonometrie